Plant design and economics for chemical engineers /

Guardado en:
Autor Principal: Peters, Max Stone, 1920-
Otros Autores: Timmerhaus, Klaus D.
Formato: Libro
Idioma:English
Publicado: New York : McGraw-Hill, c1991.
Edición:4th ed.
Series:McGraw-Hill chemical engineering series
Materias:
Acceso en línea:Descripción
Tabla de contenido
Etiquetas: Agregar Etiqueta
Sin Etiquetas, Sea el primero en etiquetar este registro!
LEADER 01216pam a22003015a 4500
001 EIQ.libpla002928
008 891211s1991####nyuao####b####001#0#eng#d
005 20071009160402.0
245 1 0 |a Plant design and economics for chemical engineers /  |c Max S. Peters, Klaus D. Timmerhaus. 
250 |a 4th ed. 
260 |a New York :  |b McGraw-Hill,  |c c1991. 
300 |a xv, 910 p. :  |b il., fotos ;  |c 25 cm. 
440 0 |a McGraw-Hill chemical engineering series 
504 |a Incluye referencias bibliográficas e índices. 
020 |a 0070496137 
100 1 |a Peters, Max Stone,  |d 1920- 
700 1 |a Timmerhaus, Klaus D. 
082 0 0 |a 660/.28  |2 20 
650 4 |a Fábrica de productos químicos  |x Diseño. 
650 4 |a Fábrica de productos químicos  |x Construcción. 
650 4 |a Chemical plants  |x Design. 
650 4 |a Chemical plants  |x Construction. 
010 |a  89077497  
040 |a DLC  |c DLC  |d AR-BbSID 
856 4 2 |3 Descripción  |u http://www.loc.gov/catdir/description/mh022/89077497.html 
856 4 1 |3 Tabla de contenido  |u http://www.loc.gov/catdir/toc/mh021/89077497.html 
859 |a AR-BbSID  |b BIB. PLAPIQUI  |h 660.28  |i P 43  |p 4041  |t Ej. 1  |v Ej. 1 
859 |a AR-BbSID  |b BIB. PLAPIQUI  |h 660.28  |i P 43  |p 4136  |t Ej. 2  |v Ej. 2